000 00404 a2200097 4500
020 _a926102211
920 _a92-61-02211
245 0 _aCCITT Plenary Assembly (Red Book) Malaga-Torremolinos, 1984 :
_bSpecifications of Signalling System No.7, Recommendations Q.721-Q.795 : Fascicle /
_c.
_nVol.VI.8
710 2 _aInternational Telecommunication Union.
_eWydawca
_4pbl
260 _aGeneva :
_bITU,
_c1984.
300 _aX, 287 s.;
_c30 cm.
999 _c13821
_d13821